Návrh systému personálneho marketingu v podniku SEMIKRON, s.r.o. : Diplomová práca

Na minha lista:
Detalhes bibliográficos
Autor principal: Miklovičová, Petra, 1986- (Author)
Outros Autores: Bestvinová, Viera, 1958- (Thesis advisor)
Formato: Manuscrito Livro
Idioma:eslovaco
Publicado em: Trnava : STU v Bratislave MTF UPMK, 2011
Assuntos:
Acesso em linha:VAIS
Tags: Adicionar Tag
Sem tags, seja o primeiro a adicionar uma tag!

MARC

LEADER 00000ntm a22000003a 4500
001 stu227223
005 20160719160351.0
008 110616s2011----xo------------------slo-d
040 |a STU  |b slo 
041 0 |a slo 
044 |a xo 
100 1 |a Miklovičová, Petra,  |d 1986-  |4 aut  |X 36844  |7 A000036844 
242 0 0 |a Draft of system personal marketing in SEMIKRON, Ltd  |y eng 
245 1 |a Návrh systému personálneho marketingu v podniku SEMIKRON, s.r.o. :  |b Diplomová práca 
260 |a Trnava :  |b STU v Bratislave MTF UPMK,  |c 2011 
300 |a 72 s., CD-ROM 
650 7 |a stabilization  |2 estusub 
650 7 |a stabilizácia  |2 stusub 
650 7 |a získavanie zamestnancov  |2 stusub 
650 7 |a personálny marketing  |2 stusub 
650 7 |a priemyselné manažérstvo  |2 stusub 
650 7 |a Industrial Management  |2 estusub 
700 1 |a Bestvinová, Viera,  |d 1958-  |4 ths  |u M4000  |U MTF Materiálovotechnologická fakulta  |T MTF Ústav priemyselného inžinierstva a manažmentu  |X 1541  |U M4000  |Y 84  |7 A000001541 
856 4 |a info a plný text  |u http://is.stuba.sk/zp/portal_zp.pl?podrobnosti=66970  |3 VAIS 
996 |c M*DP-10103  |l MMSKP  |s P  |a 0  |w stu227223_0001